000
00336 a2200109 4500
001
ART_44794
005
20260410161629.0
008
260409a
245
1
0
_a
Análisis de las propuestas de revalúo impositivo y contable
100
1
_a
D´Onofrio, Paula Alejandra
773
0
_t
Enfoques
_g
- Nº 12 (dic. 2017)
_w
REV416
999
_c
12328
_d
12328